| 000 | 00821cam a22002771 4500 | ||
|---|---|---|---|
| 999 |
_c10009 _d10009 |
||
| 001 | 10009 | ||
| 003 | BD-JhCC | ||
| 005 | 20180404173342.0 | ||
| 008 | 180404s1954 enka j 000 1 eng | ||
| 035 | _a(BD-JhCC)10009 | ||
| 035 |
_a(OCoLC)1039811 _aBD-JhCC |
||
| 040 |
_aDLC _cPSrS _dOCoLC _dUk _dDLC _dBD-JhCC |
||
| 041 | _aeng | ||
| 050 | 0 | 0 |
_aPZ8.1.O33 _bIr |
| 082 |
_bOFA 1954 _a398.209415 |
||
| 100 | 1 | _aO'Faoláin, Eileen. | |
| 245 | 1 | 0 |
_aIrish sagas and folk-tales / _cretold by Eileen O'Faolain. Illustrated by Joan Kiddell-Monroe. |
| 260 |
_aLondon : _bOxford University Press, _c1954. |
||
| 300 |
_a245 p. _billus. _c22 cm. |
||
| 440 | 0 | _aOxford myths and legends | |
| 490 | 0 | _a[Oxford books for boys and girls] | |
| 650 | 0 |
_aTales _zIreland. |
|
| 650 | 0 | _aSagas. | |
| 942 |
_2ddc _cREF |
||